Quizlendrier de l'Avent #22 - Emojis de Noël - Statistiques

Statistiques générales
  • Ce quiz a été pris 315 fois
  • Le résultat moyen est 9 sur 10
Statistiques - réponses
Emojis Jeux % Correct
Sapin
100%
Père Noël
95%
Bonhomme de neige
94%
Cadeau
94%
Renne
94%
Flocon de neige
93%
Bougie
91%
Eglise
91%
Famille
91%
Mère Noël
91%
Aucun quiz correspondant
Distribution des résultats
% des personnes avec chaque résultat
Percentile par nombre de réponses
Votre historique - résultats
Vous n’avez pas pris ce quiz